000 00692nam a2200265Ia 4500
003 OSt
005 20221005060510.0
006 a|||||r|||| 00| 0
007 ta
008 221004b |||||||| |||| 00| 0 eng d
024 _a30952
037 _cTextual
040 _aCRL
_cCRL
_beng
041 _2eng
_aeng
082 _asigma:(R), M2
100 _aKeat Russell
245 0 _aSocial theory as science
250 _aSecond edition
260 _aLondon
_bRoutledge & Kegan Paul USA
_c1982
300 _axi,316p.
_ccm.
650 _aSOCIOLOGY
700 _a Urry John
942 _hsigma:(R), M2
_cTEXL
_2cc
999 _c966779
_d966779